Welcome to CU Library Online Public Access Catalogue (OPAC)

Economics / (Record no. 40)

MARC details
000 -LEADER
fixed length control field 00576pam a2200217 a 4500
001 - CONTROL NUMBER
control field 4396090
005 - DATE AND TIME OF LATEST TRANSACTION
control field 20241016121020.0
007 - PHYSICAL DESCRIPTION FIXED FIELD--GENERAL INFORMATION
fixed length control field Includes Index
008 - FIXED-LENGTH DATA ELEMENTS--GENERAL INFORMATION
fixed length control field 920626s1993 iluab 001 0 eng
020 ## - INTERNATIONAL STANDARD BOOK NUMBER
International Standard Book Number 9780256107845
020 ## - INTERNATIONAL STANDARD BOOK NUMBER
International Standard Book Number 025610784X
050 00 - LIBRARY OF CONGRESS CALL NUMBER
Classification number HB171.5
Item number .C788 1993
082 00 - DEWEY DECIMAL CLASSIFICATION NUMBER
Classification number 330
Edition information 20
100 1# - MAIN ENTRY--PERSONAL NAME
Personal name Colander, David C.
245 10 - TITLE STATEMENT
Title Economics /
Statement of responsibility, etc. David C. Colander.
260 ## - PUBLICATION, DISTRIBUTION, ETC.
Place of publication, distribution, etc. Homewood, IL :
Name of publisher, distributor, etc. Irwin,
Date of publication, distribution, etc. c1993.
300 ## - PHYSICAL DESCRIPTION
Extent xxix, 823 p. :
Other physical details ill. (some col.), maps ;
Dimensions 29 cm.
500 ## - GENERAL NOTE
General note Includes index.
650 #0 - SUBJECT ADDED ENTRY--TOPICAL TERM
Topical term or geographic name entry element Economics.
942 ## - ADDED ENTRY ELEMENTS (KOHA)
Source of classification or shelving scheme Library of Congress Classification
Koha item type Books
Suppress in OPAC No
999 ## -
-- 40
-- 40
Holdings
Withdrawn status Lost status Source of classification or shelving scheme Damaged status Not for loan Collection Home library Current library Shelving location Date acquired Total checkouts Full call number Barcode Date last seen Copy number Price effective from Koha item type
    Library of Congress Classification     Non-fiction Business Library (Miotso) Business Library (Miotso) General stacks 10/16/2024   HB171.5 .C788 COL bssm00000024 10/16/2024 1 10/16/2024 Books
    Library of Congress Classification     Non-fiction Business Library (Miotso) Business Library (Miotso) General stacks 10/16/2024   HB171.5 .C788 COL bssm00000025 10/16/2024 2 10/16/2024 Books
© 2023-2024 Copyright: Central University Libraries. All Rights Reserved | Created by: Mahone Tech Office